000 00354nam a22001337a 4500
020 _qHB.
040 _cFIZZA ISHAQ
082 _a338.312
_bRYA
100 _aFRIES,RYAN.
_989137
245 _aTRANSPORTATION INFRASTRUCTURE SECURITY UTILIZING INTELLIGENT TRANSPORTATION SYSTEMS /
260 _aNEW YORK ;
_c2009.
300 _a485 P. ;
942 _2ddc
_cBK
999 _c587957
_d587957